| 000 | 00568cam a22002291 4500 | ||
|---|---|---|---|
| 001 | sa 68017158 | ||
| 003 | DLC | ||
| 005 | 20260227112700.0 | ||
| 008 | 790111q19601969io 000 0 ind | ||
| 010 | _asa 68017158 | ||
| 035 | _a(OCoLC)4540579 | ||
| 040 |
_aDLC _cOAU _dDLC |
||
| 042 | _apremarc | ||
| 050 | 0 | 0 |
_aBF637.T5 _bK8 |
| 110 | 2 | _aKursus Kader Katolik. | |
| 245 | 1 | 0 | _aWaktu. |
| 260 |
_aDjakarta, _bK. K. K. _c[196-] |
||
| 300 |
_a35 p. _c18 cm. |
||
| 490 | 1 |
_aIts [Publikasi] _v2 |
|
| 650 | 0 | _aTime. | |
| 810 | 2 |
_aKursus Kader Katolik. _t[Publikasi] _v2. |
|
| 999 |
_c87549 _d87549 |
||